[Event "Balaguer op"]
[Site "?"]
[Date "2012.06.24"]
[Round "9"]
[White "Solani Nuñez, J."]
[Black "Vidal Rosell, J."]
[Result "0-1"]
[WhiteElo "1626"]
[BlackElo "1872"]
[PlyCount "100"]
[EventDate "2012.??.??"]
[EventType "swiss"]
[EventRounds "9"]

1. e4 c5 2. f4 Nc6 3. b3 d6 4. Nf3 e6 5. g3 Nf6 6. Nc3 Be7 7. Bg2 O-O 8. O-O
Bd7 9. Bb2 a6 10. d4 cxd4 11. Nxd4 Qc7 12. Nxc6 Bxc6 13. Qe2 Rac8 14. Nd1 d5
15. exd5 Nxd5 16. c4 Nf6 17. Bxc6 Bc5+ 18. Kh1 Qxc6+ 19. Qg2 Rfd8 20. Qxc6 Rxc6
21. Be5 Ng4 22. Nb2 Rd2 23. Rad1 Rxd1 24. Nxd1 f6 25. h3 Nxe5 26. fxe5 fxe5 27.
Nb2 e4 28. Re1 Bf2 29. Rxe4 Bxg3 30. Nd3 Kf7 31. Kg2 Bd6 32. c5 Bb8 33. Kf3 Kf6
34. b4 b6 35. a4 bxc5 36. Nxc5 Ba7 37. Nd7+ Ke7 38. Ne5 Rc3+ 39. Kf4 Bb8 40.
Kg4 Bxe5 41. Rxe5 Rc4+ 42. Kf3 Rxb4 43. Ra5 Rb6 44. Ke4 Kf6 45. Kd4 e5+ 46.
Rxe5 Rb4+ 47. Kd5 Rxa4 48. Re6+ Kf7 49. Rb6 h5 50. h4 Rxh4 0-1

[Event "Balaguer op"]
[Site "?"]
[Date "2012.06.24"]
[Round "9"]
[White "Sole Pijuan, F."]
[Black "Barbosa Martinez, M."]
[Result "1/2-1/2"]
[WhiteElo "1539"]
[BlackElo "1724"]
[PlyCount "70"]
[EventDate "2012.??.??"]
[EventType "swiss"]
[EventRounds "9"]

1. d4 c6 2. c4 d5 3. e3 dxc4 4. Bxc4 Bf5 5. Nc3 e6 6. Nf3 Bb4 7. O-O Bxc3 8.
bxc3 Nf6 9. Ba3 Ne4 10. Qb3 b6 11. Rfd1 Nd6 12. Bd3 Bxd3 13. Rxd3 Nb5 14. Rb1
Nxa3 15. Qxa3 Nd7 16. c4 Qe7 17. Qa4 Qd6 18. Rbd1 O-O 19. d5 exd5 20. cxd5 c5
21. Qc6 Qe7 22. d6 Qd8 23. Qc7 Re8 24. R3d2 f6 25. Nh4 g6 26. Nf3 a5 27. h3 Rc8
28. Qb7 Rb8 29. Qc7 Rc8 30. Qb7 Rb8 31. Qd5+ Kg7 32. h4 b5 33. h5 b4 34. hxg6
hxg6 35. Qc4 a4 1/2-1/2

[Event "Balaguer op"]
[Site "?"]
[Date "2012.06.24"]
[Round "9"]
[White "Valera Muñoz, A."]
[Black "Bonet Verdu, M."]
[Result "0-1"]
[WhiteElo "1398"]
[BlackElo "1811"]
[PlyCount "62"]
[EventDate "2012.??.??"]
[EventType "swiss"]
[EventRounds "9"]

1. d4 d5 2. Bf4 f5 3. e3 Nf6 4. c4 c6 5. Nc3 e6 6. h3 Be7 7. Nf3 O-O 8. Be2 Ne4
9. Nxe4 fxe4 10. Ne5 Nd7 11. c5 Nxe5 12. Bxe5 Qa5+ 13. Kf1 Bh4 14. Bf4 Bd7 15.
Kg1 Be8 16. Qe1 Qd8 17. Kh2 Bg6 18. Bg3 Bxg3+ 19. fxg3 Qc7 20. Qd1 e5 21. Rf1
Rxf1 22. Bxf1 exd4 23. exd4 Rf8 24. Qd2 b6 25. Rc1 bxc5 26. Rxc5 Rxf1 27. b4
Qd7 28. Qc3 h6 29. Rxc6 Qf7 30. Qd2 Qf2 31. Rc2 Qg1# 0-1

[Event "Balaguer op"]
[Site "?"]
[Date "2012.06.24"]
[Round "9"]
[White "Verdes Nadal, R."]
[Black "Moline Escartin, X."]
[Result "1-0"]
[WhiteElo "1979"]
[BlackElo "1877"]
[PlyCount "65"]
[EventDate "2012.??.??"]
[EventType "swiss"]
[EventRounds "9"]

1. Nf3 c5 2. g3 Nc6 3. d4 cxd4 4. Nxd4 e5 5. Nxc6 bxc6 6. Bg2 d5 7. c4 Be6 8.
Nc3 Bb4 9. cxd5 Bxc3+ 10. bxc3 cxd5 11. O-O Nf6 12. Qa4+ Bd7 13. Qa3 Qe7 14. c4
Qxa3 15. Bxa3 Be6 16. Bb2 O-O-O 17. cxd5 Bxd5 18. Rfc1+ Kb7 19. Bxe5 Bxg2 20.
Rc7+ Ka8 21. Bxf6 gxf6 22. Kxg2 Rhe8 23. e3 Rd2 24. Kf3 Kb8 25. Rxf7 Rc8 26.
Rb1+ Ka8 27. a4 Ra2 28. Rb4 a5 29. Rf4 Rcc2 30. Kg2 Ra3 31. R7xf6 Rxe3 32. Ra6+
Kb7 33. Rxa5 1-0

[Event "Barbera op "]
[Site "?"]
[Date "2012.07.04"]
[Round "1"]
[White "Aranaz Murillo, A."]
[Black "Gonzalez Garcia, J."]
[Result "0-1"]
[WhiteElo "2248"]
[BlackElo "2518"]
[PlyCount "52"]
[EventDate "2012.??.??"]
[EventType "swiss"]
[EventRounds "9"]

1. Nf3 c5 2. c4 g6 3. g3 Bg7 4. Bg2 Nc6 5. Nc3 e6 6. d3 Nge7 7. O-O O-O 8. Bd2
d5 9. cxd5 exd5 10. a3 b6 11. Rb1 d4 12. Na4 Be6 13. b4 cxb4 14. axb4 Rc8 15.
Rc1 Qd7 16. b5 Ne5 17. Rxc8 Rxc8 18. Qb1 Nxf3+ 19. Bxf3 Nd5 20. Rc1 Rxc1+ 21.
Bxc1 Nc3 22. Nxc3 dxc3 23. Bc6 Qd6 24. Bf4 Qa3 25. Qc1 Qb3 26. e3 c2 0-1

[Event "Barbera op "]
[Site "?"]
[Date "2012.07.04"]
[Round "1"]
[White "Arizmendi Martinez, JL."]
[Black "Arjun, B."]
[Result "1/2-1/2"]
[WhiteElo "2559"]
[BlackElo "2250"]
[PlyCount "96"]
[EventDate "2012.??.??"]
[EventType "swiss"]
[EventRounds "9"]

1. d4 d5 2. c4 c6 3. Nf3 Nf6 4. e3 Bf5 5. Nc3 e6 6. Nh4 Bg6 7. Be2 Nbd7 8. g3
Bb4 9. O-O O-O 10. Bd2 a5 11. Nxg6 hxg6 12. a3 Be7 13. Qc2 Rc8 14. Rfd1 dxc4
15. Bxc4 c5 16. Bf1 cxd4 17. exd4 Nb6 18. Bg2 Nbd5 19. Qb3 b6 20. Rac1 Qd6 21.
Na4 Nd7 22. Qb5 Bf6 23. Bxd5 Qxd5 24. Qxd5 exd5 25. Be3 Be7 26. Kf1 Rfd8 27.
Ke2 Kf8 28. Kd3 Ke8 29. Bf4 Rxc1 30. Rxc1 g5 31. Be3 f6 32. Rc6 b5 33. Nc3 b4
34. axb4 axb4 35. Na4 Kf7 36. Rc7 Ke6 37. Bd2 Rh8 38. Rb7 Rb8 39. Ra7 Rh8 40.
Rb7 Rb8 41. Ra7 Rh8 42. Ra6+ Kf7 43. Ke2 Rxh2 44. Ra7 Ke6 45. Ra6+ Kf7 46. Ra7
Ke6 47. Ra6+ Kf7 48. Ra7 Ke6 1/2-1/2

[Event "Barbera op "]
[Site "?"]
[Date "2012.07.04"]
[Round "1"]
[White "Aroshidze, L."]
[Black "Krishna, CRG."]
[Result "1-0"]
[WhiteElo "2580"]
[BlackElo "2273"]
[PlyCount "65"]
[EventDate "2012.??.??"]
[EventType "swiss"]
[EventRounds "9"]

1. e4 e6 2. d4 d5 3. Nc3 Bb4 4. e5 c5 5. a3 Bxc3+ 6. bxc3 Ne7 7. Nf3 Qa5 8. Bd2
Qa4 9. h4 Nbc6 10. h5 h6 11. Rh4 c4 12. Rg4 Rg8 13. Rf4 Bd7 14. Nh2 Rf8 15. Ng4
O-O-O 16. g3 Nf5 17. Bh3 Qa5 18. Rf3 Rh8 19. Ne3 Nxe3 20. Rxe3 Rde8 21. Kf1 f6
22. exf6 gxf6 23. Qe2 Nd8 24. Rf3 Ref8 25. Bf4 Qb6 26. Re1 Qa6 27. Qe3 Qxa3 28.
Bxh6 Rf7 29. g4 Qb2 30. Qd2 a5 31. Bf4 Ba4 32. Bg3 Bxc2 33. Rc1 1-0

[Event "Barbera op "]
[Site "?"]
[Date "2012.07.04"]
[Round "1"]
[White "Bulmaga, I."]
[Black "Pieri, PL."]
[Result "1-0"]
[WhiteElo "2371"]
[BlackElo "2048"]
[PlyCount "75"]
[EventDate "2012.??.??"]
[EventType "swiss"]
[EventRounds "9"]

1. e4 e5 2. Nf3 Nc6 3. Bc4 Bc5 4. c3 Nf6 5. d3 h6 6. O-O d6 7. Bb3 O-O 8. Re1
Re8 9. Nbd2 d5 10. exd5 Nxd5 11. d4 Bb6 12. Nxe5 Nxe5 13. dxe5 Nf4 14. Qf3 Ne6
15. Ne4 Qh4 16. g3 Qh3 17. Be3 Bd7 18. Rad1 Bc6 19. Bd5 Bxd5 20. Rxd5 Nf8 21.
Bf4 Ng6 22. Nd2 Re7 23. Re4 Rae8 24. Qe2 Nxf4 25. gxf4 Re6 26. Qf3 Rg6+ 27. Kh1
Qxf3+ 28. Nxf3 Bxf2 29. f5 Rc6 30. Rd7 Bb6 31. Rg4 Kf8 32. e6 fxe6 33. Rgxg7
Rd8 34. Rgf7+ Kg8 35. Rxd8+ Kxf7 36. Ne5+ Ke7 37. Nxc6+ bxc6 38. Rh8 1-0

[Event "Barbera op "]
[Site "?"]
[Date "2012.07.04"]
[Round "1"]
[White "Campos Cayuelas, A."]
[Black "Massoni, M."]
[Result "1/2-1/2"]
[WhiteElo "2007"]
[BlackElo "2365"]
[PlyCount "39"]
[EventDate "2012.??.??"]
[EventType "swiss"]
[EventRounds "9"]

1. e4 c5 2. Nc3 d6 3. d4 cxd4 4. Qxd4 Nc6 5. Bb5 Bd7 6. Bxc6 Bxc6 7. Bg5 Nf6 8.
O-O-O e6 9. f4 Be7 10. Nf3 O-O 11. Rhe1 Qa5 12. f5 exf5 13. exf5 Rfe8 14. Rxe7
Rxe7 15. Bxf6 gxf6 16. Qxf6 Rae8 17. Qg5+ Kh8 18. Qf6+ Kg8 19. Qg5+ Kh8 20.
Qf6+ 1/2-1/2

[Event "Barbera op "]
[Site "?"]
[Date "2012.07.04"]
[Round "1"]
[White "Chakravarthi, YVK."]
[Black "Saptarshi, R."]
[Result "1-0"]
[WhiteElo "2053"]
[BlackElo "2389"]
[PlyCount "75"]
[EventDate "2012.??.??"]
[EventType "swiss"]
[EventRounds "9"]

1. d4 d5 2. c4 e5 3. dxe5 d4 4. a3 Nc6 5. e3 Nge7 6. b4 Be6 7. Nf3 dxe3 8.
Qxd8+ Rxd8 9. fxe3 Ng6 10. Bb2 a5 11. b5 Nce7 12. Nbd2 Nf5 13. Bd4 Be7 14. Be2
Nf4 15. g3 Nxe2 16. Kxe2 g5 17. Bc3 Bc5 18. Nxg5 Bxe3 19. Nxe6 fxe6 20. Ne4 Bd4
21. Rad1 Ke7 22. Bd2 h6 23. g4 Nh4 24. Bxa5 Bxe5 25. Bb4+ Kf7 26. Rhf1+ Kg6 27.
Be7 Rxd1 28. Rxd1 Ng2 29. h4 h5 30. Kf3 Nf4 31. g5 Ra8 32. Bb4 b6 33. Nf2 Kf5
34. Rd7 Bd6 35. Rf7+ Kg6 36. Rf6+ Kg7 37. Bxd6 Ng6 38. Bb4 1-0

[Event "Barbera op "]
[Site "?"]
[Date "2012.07.04"]
[Round "1"]
[White "Colon Garcia, E."]
[Black "Guix Torres, D."]
[Result "1/2-1/2"]
[WhiteElo "2365"]
[BlackElo "2011"]
[PlyCount "106"]
[EventDate "2012.??.??"]
[EventType "swiss"]
[EventRounds "9"]

1. e4 e5 2. Nf3 Nc6 3. Bb5 a6 4. Ba4 Nf6 5. d3 Bc5 6. O-O b5 7. Bb3 O-O 8. c3
d5 9. exd5 Nxd5 10. Re1 Bg4 11. h3 Bh5 12. Qe2 f5 13. d4 Bxf3 14. Qxf3 e4 15.
Qg3 Bb6 16. Bg5 Qd7 17. Nd2 Kh8 18. Qh4 Na5 19. Bc2 Nc4 20. Nxc4 bxc4 21. Re2
c6 22. g4 g6 23. Rae1 Bd8 24. Bxd8 Qxd8 25. Qxd8 Raxd8 26. Kh2 Rb8 27. Ba4 Rb6
28. gxf5 gxf5 29. Rd2 Rfb8 30. b3 Nxc3 31. Kg3 Nxa4 32. bxa4 Rb4 33. Kf4 Rf8
34. Rc1 Rxa4 35. Rc3 Kg7 36. Rdc2 Rd8 37. Rxc4 Rxd4 38. Rxc6 Rd3 39. Rc7+ Kg8
40. Ra7 Rd8 41. Kxf5 Rf8+ 42. Kg5 Ra5+ 43. Kg4 h5+ 44. Kg3 Rf3+ 45. Kh2 Raf5
46. Kg2 Rg5+ 47. Kf1 Rgf5 48. Rxa6 Rxh3 49. a4 e3 50. Rc8+ Kg7 51. Rc7+ Rf7 52.
Rxf7+ Kxf7 53. fxe3 Rxe3 1/2-1/2

[Event "Barbera op "]
[Site "?"]
[Date "2012.07.04"]
[Round "1"]
[White "Cornette, M."]
[Black "Vigoa Apecheche, Y."]
[Result "1/2-1/2"]
[WhiteElo "2567"]
[BlackElo "2269"]
[PlyCount "101"]
[EventDate "2012.??.??"]
[EventType "swiss"]
[EventRounds "9"]

1. c4 c5 2. g3 Nc6 3. Bg2 g6 4. Nc3 Bg7 5. Nf3 Nf6 6. d4 cxd4 7. Nxd4 O-O 8.
O-O Qb6 9. Nb3 d6 10. Bg5 Be6 11. Nd5 Bxd5 12. cxd5 Ne5 13. Be3 Qa6 14. Bd4
Rac8 15. Qd2 Rc4 16. h3 Ra4 17. Bxe5 dxe5 18. Nc5 Qa5 19. Qc2 Rb4 20. a3 Rb6
21. b4 Qb5 22. e4 Rc8 23. Qd2 Qe8 24. Rfc1 Rb8 25. Qe3 Qd8 26. Ra2 h5 27. Rc4
h4 28. Rac2 hxg3 29. fxg3 Ne8 30. Bf1 Rf6 31. a4 Nd6 32. R4c3 Qe8 33. b5 Kh7
34. h4 Qd8 35. Bh3 Bh6 36. Qe2 Qb6 37. Kg2 Rd8 38. h5 Qa5 39. hxg6+ fxg6 40.
Ne6 Re8 41. g4 Rxe6 42. g5 Bxg5 43. Bxe6 Qxa4 44. Qg4 Qxe4+ 45. Qxe4 Nxe4 46.
Ra3 Nd6 47. Rxa7 Kg7 48. Ra3 Bf4 49. b6 Kf6 50. Rh3 Ra8 51. Rh7 1/2-1/2

[Event "Barbera op "]
[Site "?"]
[Date "2012.07.04"]
[Round "1"]
[White "Dave, D."]
[Black "Guerra Mendez, JA."]
[Result "0-1"]
[WhiteElo "2170"]
[BlackElo "2428"]
[PlyCount "108"]
[EventDate "2012.??.??"]
[EventType "swiss"]
[EventRounds "9"]

1. e4 c5 2. Nf3 d6 3. d4 cxd4 4. Qxd4 Nc6 5. Bb5 Bd7 6. Bxc6 Bxc6 7. Nc3 Nf6 8.
Bg5 e6 9. O-O-O Be7 10. Qd3 Qa5 11. h4 h6 12. Bxf6 Bxf6 13. Nd4 Qb6 14. f4 Bxd4
15. Qxd4 Qxd4 16. Rxd4 Ke7 17. Re1 Rhd8 18. g4 Rac8 19. f5 Kf6 20. Rd2 Ke5 21.
Nd5 Be8 22. Nb4 Bb5 23. Kd1 Rd7 24. Nd3+ Bxd3 25. Rxd3 Rc4 26. Rde3 Kf4 27.
fxe6 fxe6 28. g5 hxg5 29. hxg5 Kxg5 30. Rf3 Rc5 31. Rg1+ Kh6 32. c3 Rg5 33.
Rgf1 Kg6 34. Ke2 Rg2+ 35. R1f2 Rxf2+ 36. Rxf2 Rf7 37. Rg2+ Kh5 38. Ke3 g5 39.
Rh2+ Kg6 40. Ke2 Rd7 41. c4 Kf6 42. Rf2+ Ke5 43. Rg2 Rg7 44. Rg4 b6 45. b3 d5
46. cxd5 exd5 47. exd5 Kxd5 48. Rc4 g4 49. Kf2 g3+ 50. Kg2 Rg6 51. Rc2 a5 52.
Rc1 Rg4 53. Rc2 b5 54. Kf3 g2 0-1

[Event "Barbera op "]
[Site "?"]
[Date "2012.07.04"]
[Round "1"]
[White "Escobar Forero, A."]
[Black "Isgandarova, K."]
[Result "1-0"]
[WhiteElo "2487"]
[BlackElo "2206"]
[PlyCount "51"]
[EventDate "2012.??.??"]
[EventType "swiss"]
[EventRounds "9"]

1. d4 Nf6 2. Nf3 g6 3. Nc3 d5 4. Bf4 Bg7 5. e3 O-O 6. Nb5 Na6 7. c4 c5 8. Be2
cxd4 9. exd4 dxc4 10. O-O Be6 11. Ne5 Qb6 12. a4 Rac8 13. Re1 Rfd8 14. b3 Nd7
15. Bxc4 Bxc4 16. Nxc4 Qf6 17. Qd2 h6 18. Nxa7 Ra8 19. Nb5 e5 20. Bg3 exd4 21.
Ncd6 Rf8 22. a5 h5 23. h4 Kh7 24. Bf4 Qxh4 25. Bg5 Qg4 26. Re4 1-0

[Event "Barbera op "]
[Site "?"]
[Date "2012.07.04"]
[Round "1"]
[White "Gomez Ledo, RC."]
[Black "Silva Rodriguez, J."]
[Result "1/2-1/2"]
[WhiteElo "2428"]
[BlackElo "2168"]
[PlyCount "60"]
[EventDate "2012.??.??"]
[EventType "swiss"]
[EventRounds "9"]

1. d4 e6 2. c4 Nf6 3. Nc3 Bb4 4. e3 O-O 5. Nge2 Re8 6. a3 Bf8 7. Ng3 d5 8. b3
b6 9. Bd3 c5 10. dxc5 dxc4 11. Bxc4 Qxd1+ 12. Kxd1 Bxc5 13. Ke2 Bb7 14. f3 Nc6
15. Bb2 Red8 16. Nce4 Nxe4 17. Nxe4 Na5 18. Nxc5 bxc5 19. Rhd1 Nxc4 20. bxc4
Ba6 21. Rxd8+ Rxd8 22. Rc1 Rb8 23. Be5 Rb6 24. Kd3 f6 25. Bg3 Rb3+ 26. Rc3 Rb1
27. Rc2 Rb3+ 28. Rc3 Rb1 29. Rc2 Rb3+ 30. Rc3 Rb1 1/2-1/2

[Event "Barbera op "]
[Site "?"]
[Date "2012.07.04"]
[Round "1"]
[White "Gonzalez Perez, A."]
[Black "Aranaz Portugues, JC."]
[Result "1-0"]
[WhiteElo "2452"]
[BlackElo "2189"]
[PlyCount "87"]
[EventDate "2012.??.??"]
[EventType "swiss"]
[EventRounds "9"]

1. e4 c6 2. d4 d5 3. e5 g6 4. h3 Bg7 5. Nf3 Nh6 6. Be2 f6 7. exf6 exf6 8. O-O
O-O 9. Bf4 Re8 10. c4 Be6 11. cxd5 Bxd5 12. Nc3 Nf7 13. Nxd5 cxd5 14. Rc1 Nc6
15. Bb5 Qb6 16. Qa4 Rac8 17. Rc5 Re4 18. Bg3 Qxc5 19. dxc5 Rxa4 20. Bxa4 Bf8
21. Rd1 Rd8 22. Bb3 d4 23. Rc1 Kg7 24. Nd2 Nfe5 25. Ne4 Nd3 26. Rc2 Nce5 27. f4
Nc6 28. a3 Re8 29. Bd5 f5 30. Nd6 Rd8 31. Bh4 Nxf4 32. Bxc6 d3 33. Rd2 Bxd6 34.
cxd6 Rxd6 35. Bxb7 h6 36. Bf3 Ne6 37. Be7 Rd7 38. Bb4 g5 39. g3 Kg6 40. Kf2 h5
41. Be2 a5 42. Bxd3 Rd5 43. Bc3 Nc5 44. Bc2 1-0

[Event "Barbera op "]
[Site "?"]
[Date "2012.07.04"]
[Round "1"]
[White "Jaramillo Ochoa, M."]
[Black "Barbero Sendic, A."]
[Result "1/2-1/2"]
[WhiteElo "2030"]
[BlackElo "2370"]
[PlyCount "194"]
[EventDate "2012.??.??"]
[EventType "swiss"]
[EventRounds "9"]

1. e4 e6 2. d4 d5 3. Nc3 Nf6 4. Bg5 Bb4 5. e5 h6 6. Bd2 Bxc3 7. bxc3 Ne4 8. Qg4
g6 9. Bd3 Nxd2 10. Kxd2 c5 11. h4 Nc6 12. f4 h5 13. Qg5 cxd4 14. Qxd8+ Kxd8 15.
Rb1 dxc3+ 16. Kxc3 b6 17. Bb5 Na5 18. Nf3 Ke7 19. Nd4 Bb7 20. Rhg1 Rac8+ 21.
Kd2 Rc7 22. c3 Rhc8 23. Rbc1 a6 24. Bd3 Nc4+ 25. Bxc4 Rxc4 26. Rc2 b5 27. Rb1
Bc6 28. Rb3 Bd7 29. Rb4 a5 30. Rxc4 dxc4 31. a3 Rc5 32. Ke3 Rd5 33. Rd2 Rc5 34.
g3 Rc7 35. Rb2 Rb7 36. Nf3 Bc6 37. Nd4 Kd7 38. Rd2 Kc7 39. Rb2 Rb6 40. Rb1 Rb7
41. Rb2 Kb6 42. Rb1 Kc5 43. Ne2 Bd5 44. Rb2 b4 45. axb4+ axb4 46. cxb4+ Rxb4
47. Rxb4 Kxb4 48. Kd2 Kb3 49. Nc3 Bf3 50. Nb5 Kb4 51. Nc3 Kc5 52. Ke3 Bc6 53.
Ne2 Bd5 54. Nc3 Kc6 55. Kd4 Kd7 56. Kc5 Ke7 57. Kd4 f6 58. Nd1 fxe5+ 59. fxe5
Kd7 60. Kc5 Ke7 61. Kd4 Kf7 62. Ne3 Bf3 63. Nxc4 g5 64. Nd6+ Kg6 65. Kc5 Bd5
66. Kb6 gxh4 67. gxh4 Ba2 68. Kc7 Bb3 69. Kd7 Ba2 70. Kc6 Bd5+ 71. Kc5 Ba2 72.
Kd4 Bd5 73. Ke3 Ba2 74. Kf4 Bd5 75. Nb5 Ba2 76. Nd4 Bd5 77. Ke3 Kf7 78. Kd2 Ke7
79. Kc3 Be4 80. Kb4 Bd5 81. Kc5 Ba2 82. Kc6 Bd5+ 83. Kc7 Be4 84. Nc6+ Kf7 85.
Kd6 Bb1 86. Nd4 Ba2 87. Ne2 Kg6 88. Nd4 Kf7 89. Kd7 Bc4 90. Kd6 Ba2 91. Ne2 Kg6
92. Nf4+ Kf5 93. Nxh5 Kg4 94. Ng7 Kxh4 95. Nxe6 Kg4 96. Nc7 Bb3 97. Nd5 Kg5
1/2-1/2

[Event "Barbera op "]
[Site "?"]
[Date "2012.07.04"]
[Round "1"]
[White "Lacasta Palacio, J."]
[Black "Asis Gargatagli, H."]
[Result "0-1"]
[WhiteElo "2195"]
[BlackElo "2482"]
[PlyCount "54"]
[EventDate "2012.??.??"]
[EventType "swiss"]
[EventRounds "9"]

1. e3 g6 2. Nf3 Bg7 3. c4 Nf6 4. Be2 O-O 5. O-O c5 6. d3 Nc6 7. Nbd2 d5 8. a3
b6 9. Rb1 a5 10. b3 e5 11. Bb2 Re8 12. cxd5 Nxd5 13. Qc2 Bb7 14. g3 Rc8 15.
Rbd1 f5 16. Qb1 f4 17. e4 Nc7 18. gxf4 Ne6 19. fxe5 Nf4 20. Rde1 g5 21. Nc4 g4
22. Nfd2 Qh4 23. Kh1 Re6 24. Rg1 Qxh2+ 25. Kxh2 Rh6+ 26. Kg3 Rh3+ 27. Kxf4 Rf8+
0-1

[Event "Barbera op "]
[Site "?"]
[Date "2012.07.04"]
[Round "1"]
[White "Laxman, RR."]
[Black "Fernandez Diaz, C."]
[Result "1-0"]
[WhiteElo "2422"]
[BlackElo "2162"]
[PlyCount "75"]
[EventDate "2012.??.??"]
[EventType "swiss"]
[EventRounds "9"]

1. Nf3 Nf6 2. c4 e6 3. g3 d5 4. d4 Bb4+ 5. Bd2 Be7 6. Bg2 O-O 7. O-O c6 8. Qc2
b6 9. Rd1 Bb7 10. Bf4 Na6 11. a3 Rc8 12. Nc3 dxc4 13. Ne5 Nd5 14. Nxc4 Nxf4 15.
gxf4 Nc7 16. e3 Nd5 17. Rac1 f5 18. Ne5 Bd6 19. Nxd5 cxd5 20. Qa4 a6 21. Qd7
Qxd7 22. Nxd7 Rfd8 23. Nxb6 Rxc1 24. Rxc1 h6 25. h4 g6 26. Bf1 Kf7 27. Na4 a5
28. Nc5 Bc8 29. Nb3 a4 30. Na5 g5 31. hxg5 hxg5 32. fxg5 f4 33. Bd3 Rh8 34. Nc6
fxe3 35. fxe3 Rh2 36. Ne5+ Bxe5 37. dxe5 Rd2 38. Rc7+ 1-0

[Event "Barbera op "]
[Site "?"]
[Date "2012.07.04"]
[Round "1"]
[White "Palit, S."]
[Black "Segarra Calderer, A."]
[Result "1-0"]
[WhiteElo "2393"]
[BlackElo "2058"]
[PlyCount "53"]
[EventDate "2012.??.??"]
[EventType "swiss"]
[EventRounds "9"]

1. e4 e6 2. Qe2 b6 3. Nf3 Bb7 4. g3 Be7 5. Bg2 h5 6. h4 c5 7. d3 Nc6 8. c3 d5
9. e5 Qc7 10. Bf4 Nh6 11. a3 Ng4 12. O-O O-O-O 13. b4 Kb8 14. Nbd2 Qd7 15. bxc5
Bxc5 16. Nb3 Be7 17. a4 Rc8 18. Rfb1 Ka8 19. a5 Nxa5 20. Nxa5 bxa5 21. Rxa5 Qc7
22. Rba1 Bc5 23. Nd4 Bxd4 24. cxd4 Qc2 25. Rxa7+ Kb8 26. Qe1 Rc6 27. Qb4 1-0

[Event "Barbera op "]
[Site "?"]
[Date "2012.07.04"]
[Round "1"]
[White "Perez Mitjans, O."]
[Black "Bas Mas, JJ."]
[Result "1-0"]
[WhiteElo "2504"]
[BlackElo "2214"]
[PlyCount "57"]
[EventDate "2012.??.??"]
[EventType "swiss"]
[EventRounds "9"]

1. e4 e6 2. d4 d5 3. e5 c5 4. c3 Nc6 5. Be3 Qb6 6. Qd2 cxd4 7. cxd4 Nge7 8. Nf3
Nf5 9. Nc3 Bd7 10. Be2 Be7 11. O-O O-O 12. Bd3 Nxe3 13. fxe3 Rac8 14. Qc2 h6
15. Rf2 Bb4 16. Raf1 Bxc3 17. bxc3 Nb4 18. Bh7+ Kh8 19. Qb1 Na6 20. Rb2 Qa5 21.
Rxb7 Bc6 22. Rb2 Qxc3 23. Rb3 Qa5 24. Bd3 Rb8 25. Nh4 Ba4 26. Rb7 Rxb7 27. Qxb7
Nb4 28. Rxf7 Nxd3 29. Ng6+ 1-0

[Event "Barbera op "]
[Site "?"]
[Date "2012.07.04"]
[Round "1"]
[White "Perpinya Rofes, LM."]
[Black "Amores Gago, J."]
[Result "1/2-1/2"]
[WhiteElo "2401"]
[BlackElo "2135"]
[PlyCount "64"]
[EventDate "2012.??.??"]
[EventType "swiss"]
[EventRounds "9"]

1. e4 e6 2. d4 d5 3. e5 c5 4. c3 Nc6 5. Nf3 Qb6 6. a3 Nh6 7. b4 cxd4 8. cxd4
Nf5 9. Bb2 Bd7 10. g4 Nh6 11. Rg1 f6 12. exf6 gxf6 13. Nc3 Nf7 14. Na4 Qc7 15.
Rc1 a6 16. Nc5 Bxc5 17. Rxc5 Nd6 18. g5 Ne4 19. gxf6 O-O-O 20. Rc2 Qf4 21. Bc1
Qxf6 22. Bg5 Nxg5 23. Rxg5 Kb8 24. Qd3 Nxd4 25. Qxd4 Qxf3 26. Bxa6 Qxa3 27. Bd3
Rc8 28. Rd2 Qc1+ 29. Ke2 Qc3 30. Qf4+ Qc7 31. Qd4 Qc3 32. Qf4+ Qc7 1/2-1/2

[Event "Barbera op "]
[Site "?"]
[Date "2012.07.04"]
[Round "1"]
[White "Remolar Gallen, J."]
[Black "Aloma Vidal, R."]
[Result "1/2-1/2"]
[WhiteElo "2121"]
[BlackElo "2400"]
[PlyCount "61"]
[EventDate "2012.??.??"]
[EventType "swiss"]
[EventRounds "9"]

1. e4 d5 2. Nf3 dxe4 3. Ng5 Nf6 4. Bc4 e6 5. Nc3 c6 6. Ncxe4 b5 7. Bb3 Be7 8.
d4 O-O 9. c3 Nbd7 10. Bc2 Nxe4 11. Nxe4 b4 12. O-O bxc3 13. bxc3 Ba6 14. Re1
Qa5 15. Qf3 Rac8 16. Qh3 g6 17. Bb3 Qf5 18. Qg3 Nf6 19. Nxf6+ Bxf6 20. Ba3 Rfe8
21. Bc5 Ra8 22. Qc7 Rac8 23. Qxa7 Bd3 24. Re3 g5 25. Bd1 Qg6 26. Rh3 Bf5 27.
Bh5 Qg7 28. g4 Bg6 29. a4 e5 30. a5 exd4 31. Bxg6 1/2-1/2

[Event "Barbera op "]
[Site "?"]
[Date "2012.07.04"]
[Round "1"]
[White "Sanchez Dengra, JM."]
[Black "Vehi Bach, VM."]
[Result "1/2-1/2"]
[WhiteElo "2002"]
[BlackElo "2362"]
[PlyCount "93"]
[EventDate "2012.??.??"]
[EventType "swiss"]
[EventRounds "9"]

1. c4 c5 2. Nf3 g6 3. d4 cxd4 4. Nxd4 Bg7 5. Nc3 Nc6 6. Nc2 d6 7. g3 Nf6 8. Bg2
O-O 9. O-O Nd7 10. Nd5 Nc5 11. Rb1 a5 12. b3 e6 13. Nde3 Nb4 14. a3 Na2 15. Bb2
Nc3 16. Bxc3 Bxc3 17. Nd4 Bxd4 18. Qxd4 e5 19. Qd2 Ne6 20. Rfd1 Nd4 21. Nc2
Nxc2 22. Qxc2 Qc7 23. Qd2 Rd8 24. Rbc1 Be6 25. Bd5 Bxd5 26. Qxd5 Qc5 27. Ra1 b6
28. a4 Qxd5 29. Rxd5 Kf8 30. e4 Rac8 31. Rad1 Ke7 32. Kg2 Ke6 33. f4 f6 34.
fxe5 fxe5 35. Rb5 Rc6 36. Rf1 Rb8 37. Rd5 Rcc8 38. Rfd1 Rc6 39. Rf1 Rcc8 40.
Rd3 Rf8 41. Rdf3 Rxf3 42. Rxf3 Ke7 43. Kh3 Rf8 44. Rxf8 Kxf8 45. Kg4 Kg7 46. h4
Kh6 47. Kh3 1/2-1/2

[Event "Barbera op "]
[Site "?"]
[Date "2012.07.04"]
[Round "1"]
[White "Sequera Paolini, J."]
[Black "Diaz Camallonga, C."]
[Result "1-0"]
[WhiteElo "2407"]
[BlackElo "2144"]
[PlyCount "71"]
[EventDate "2012.??.??"]
[EventType "swiss"]
[EventRounds "9"]

1. e4 e6 2. f4 d5 3. e5 c5 4. Nf3 Nc6 5. c3 Nge7 6. Bd3 Nf5 7. Na3 Be7 8. O-O
a6 9. Nc2 Qb6 10. Kh1 h5 11. Bxf5 exf5 12. d4 Be6 13. dxc5 Bxc5 14. b4 Be7 15.
Be3 Qc7 16. Qd2 Nb8 17. Ncd4 Nd7 18. Nb3 Nb6 19. Bc5 Nc4 20. Qf2 Bd8 21. Rfe1
b6 22. Bd4 Be7 23. Qg3 g6 24. Ng5 Bxg5 25. Qxg5 h4 26. Qf6 Rh7 27. h3 Qd8 28.
Bf2 Qxf6 29. exf6 Kd7 30. Nd4 b5 31. Nf3 Rc8 32. a4 Rc7 33. axb5 axb5 34. Bc5
Rh8 35. Ra6 Nb2 36. Ne5+ 1-0

[Event "Barbera op "]
[Site "?"]
[Date "2012.07.04"]
[Round "1"]
[White "Thakur, A."]
[Black "Cordova Daza, E."]
[Result "0-1"]
[WhiteElo "2280"]
[BlackElo "2584"]
[PlyCount "94"]
[EventDate "2012.??.??"]
[EventType "swiss"]
[EventRounds "9"]

1. d4 Nf6 2. Nc3 d5 3. Bg5 c6 4. Bxf6 exf6 5. e3 g6 6. Bd3 Bg7 7. Nf3 O-O 8.
O-O Nd7 9. Ne2 a5 10. a4 Nb6 11. Nd2 f5 12. Nf4 Qd6 13. g3 Rd8 14. Qe2 Bd7 15.
Nb3 Ra7 16. Nc5 Be8 17. Rfc1 Bf8 18. h4 Qf6 19. c3 Rda8 20. c4 dxc4 21. Bxc4
Nxc4 22. Qxc4 Bd6 23. Ncd3 Rd8 24. Qc3 Raa8 25. Ne5 Qe7 26. Nfd3 f6 27. Nc4 Bc7
28. Qa3 Qf7 29. Nf4 Qd7 30. Nb6 Bxb6 31. Qb3+ Bf7 32. Qxb6 h6 33. b4 g5 34.
hxg5 hxg5 35. Ng2 Bd5 36. Qc5 Qe6 37. Ne1 f4 38. exf4 Qh3 39. f3 Qxg3+ 40. Kf1
Qxf4 41. Rc3 Rd7 42. Ng2 Qg3 43. Re1 Rh7 44. Kg1 Rh2 45. Re2 Rxg2+ 46. Rxg2
Qe1+ 47. Kh2 Kf7 0-1